स्मृति ग्रन्थ (Record no. 1023720)

MARC details
000 -LEADER
fixed length control field 00746nam a2200193Ia 4500
003 - CONTROL NUMBER IDENTIFIER
control field OSt
005 - DATE AND TIME OF LATEST TRANSACTION
control field 20251210103558.0
008 - FIXED-LENGTH DATA ELEMENTS--GENERAL INFORMATION
fixed length control field 221004b |||||||| |||| 00| 0 hin d
037 ## - SOURCE OF ACQUISITION
Terms of availability Textual
040 ## - CATALOGING SOURCE
Original cataloging agency AL
Transcribing agency AL
Language of cataloging hin
041 ## - LANGUAGE CODE
Source of code hin
Language code of text/sound track or separate title hin
100 ## - MAIN ENTRY--PERSONAL NAME
Personal name मुकुन्दहरि
9 (RLIN) 855682
245 #0 - TITLE STATEMENT
Title स्मृति ग्रन्थ
246 ## - VARYING FORM OF TITLE
Title proper/short title Smṛuti grantha
260 ## - PUBLICATION, DISTRIBUTION, ETC.
Place of publication, distribution, etc. वृन्दावन
Name of publisher, distributor, etc. प्राच्यदर्शन महाविद्यालय भारत
Date of publication, distribution, etc. 1990
650 ## - SUBJECT ADDED ENTRY--TOPICAL TERM
Topical term or geographic name entry element आध्यात्मिक अनुभव और रहस्यवाद
9 (RLIN) 855683
942 ## - ADDED ENTRY ELEMENTS (KOHA)
Classification part ΔjN15 N0
Koha item type Textbook
Source of classification or shelving scheme
Suppress in OPAC No
Holdings
Withdrawn status Lost status Source of classification or shelving scheme Damaged status Not for loan Home library Current library Date acquired Source of acquisition Total Checkouts Full call number Barcode Date last seen Price effective from Koha item type
    Colon Classification (CC)     Arts Library Arts Library 2022-10-05 Gift, 08/10/2012,   ΔjN15 N0 AL1071230 2022-10-05 2022-10-05 Textbook
Copyright @ Delhi University Library System